African development indicators 2004: from the World Africa Database. (Record no. 4069)

MARC details
005 - DATE AND TIME OF LATEST TRANSACTION
control field 20250614091127.0
020 ## - INTERNATIONAL STANDARD BOOK NUMBER
International Standard Book Number 0-8213-5720-4
082 ## - DEWEY DECIMAL CLASSIFICATION NUMBER
Classification number LECT 330.96 THE
111 ## - MAIN ENTRY--MEETING NAME
Meeting name or jurisdiction name as entry element The world bank,
245 ## - TITLE STATEMENT
Title African development indicators 2004: from the World Africa Database.
260 ## - PUBLICATION, DISTRIBUTION, ETC.
Place of publication, distribution, etc. Washington D. C.,
Name of publisher, distributor, etc. The international Bank for reconstruction and development,
Date of publication, distribution, etc. 2004.
300 ## - PHYSICAL DESCRIPTION
Extent xxvi, 397p.: ill.; chart, figure, table.
Other physical details Bibliography,
Dimensions 27cm.
856 ## - ELECTRONIC LOCATION AND ACCESS
Link text Access online book
Electronic name African development indicators 2004: from the World Africa Database.
Path www.worldbank.org
942 ## - ADDED ENTRY ELEMENTS (KOHA)
Source of classification or shelving scheme Dewey Decimal Classification
Koha item type Books
Holdings
Date last seen Total checkouts Full call number Barcode Cost, replacement price Price effective from Koha item type Lost status Source of classification or shelving scheme Damaged status Not for loan Withdrawn status Home library Current library Shelving location Date acquired Cost, normal purchase price
06/14/2025   LECT 330.96 THE 00000013031 60000.00 06/14/2025 Books   Dewey Decimal Classification       College of Business Education Main Library College of Business Education Main Library General Collection 10/08/2009 20000.00